| 000 | 00000nam##2200000za#4500 |
| 001 | 9.630757 |
| 003 | CaOODSP |
| 005 | 20210624214008 |
| 007 | cr ||||||||||| |
| 008 | 150407|2002||||xxc|||||o f|0| 0 fre|d |
| 020 | |a0-662-86857-9 |
| 040 | |aCaOODSP|bfre |
| 043 | |an-cn--- |
| 086 | 1 |aSC94-91/2002F-PDF |
| 110 | 1 |aCanada.|bCentre canadien de gestion. |
| 245 | 10|aSe donner un but commun : |h[ressource électronique]|bl'intégration des sciences et de la politique dans la fonction publique du Canada / |cpar L. Sarah Wren. |
| 246 | 3 |atable ronde du CCG sur la science et la politique publique |
| 260 | |bCentre canadien de gestion |c[2002]. |
| 300 | |a47p.|bfigures, références, tableau |
| 500 | |aLe n° de catalogue (SC94-91/2002) et l'ISBN (0-662-66411-6) de l'édition imprimée bilingue ont été incorrectement copiés dans l'édition électronique. |
| 590 | |a12-16-Supp|b2012-04-17 |
| 691 | 07|aFonction publique|2gcpds |
| 691 | 07|aGouvernement fédéral|2gcpds |
| 691 | 07|aIntégration|2gcpds |
| 691 | 07|aPolitique|2gcpds |
| 691 | 07|aSciences|2gcpds |
| 720 | 1 |aWren, L. Sarah |
| 775 | 08|tCreating common purpose : |w(CaOODSP)9.686280 |
| 776 | 0#|tCreating common purpose : |w(CaOODSP)9.663569 |
| 776 | 0#|tSe donner un but commun : |w(CaOODSP)9.663570 |
| 856 | 40|ahttp://publications.gc.ca|qPDF|s3.81 Mo|uhttps://publications.gc.ca/collections/Collection/SC94-91-2002F.pdf |